| 000 | 00377nam a2200157 a 4500 | ||
|---|---|---|---|
| 005 | 20140414132054.0 | ||
| 008 | 110714s19uu xx 00 eng d | ||
| 020 | _a043957949x | ||
| 050 |
_aFIC _bSt8 2002 |
||
| 100 | _aStrasser, Todd | ||
| 245 | _aCON-fidence. | ||
| 260 |
_aNew York : _bScholastic, Inc, _c2002. |
||
| 300 | _a154 | ||
| 440 | _aNancy Drew | ||
| 999 |
_c114257 _d114257 |
||